000 00371nam a22001697a 4500
003 SGT
020 _a9781626233287
082 _a617.8
_bA19G
100 _aGALSTER, JASON A.
245 _aAUDIOLOGY TREATMENT
250 _a3RD
260 _aNEW YORK
_bTHIEME PUB
_c2019
300 _a366
650 _aAUDIOLOGY
653 _aAUDIOLOGY TREATMENT
942 _2ddc
_cBK
999 _c31346
_d31346